Vista normal
Vista MARC
Entrada Materia (personas)
Número de registros utilizados en: 1
001 - CONTROL NUMBER
- control field: 114451
003 - CONTROL NUMBER IDENTIFIER
- control field: Co-BoUCM
005 - DATE AND TIME OF LATEST TRANSACTION
- control field: 20211015104134.0
008 - FIXED-LENGTH DATA ELEMENTS
- fixed length control field: 211015|| aca||aabn | a|a d
040 ## - CATALOGING SOURCE
- Original cataloging agency: Co-BoUCM
- Transcribing agency: Co-BoUCM
100 ## - HEADING--PERSONAL NAME
- Personal name: Sendin, Emilio Marcelino
670 ## - SOURCE DATA FOUND
- Source citation: Work cat.: (Co-BoUCM)11677: Fernández Vásquez, Emilio 114450, Procedimiento administrativo nacional decreto ley 19549 de 1979 y reglamento aprobado por decreto 1759 de 1972, 1974